| 000 | 01698cas a2200493 a 4500 | ||
|---|---|---|---|
| 001 | 12385692 | ||
| 003 | NUST | ||
| 005 | 20220516124553.0 | ||
| 008 | 010420c19899999cauuu 0 a0eng c | ||
| 010 |
_asn 95003261 _z 89049758 |
||
| 022 | 0 |
_a1085-2719 _l1085-2719 _21 |
|
| 035 | _a(OCoLC)ocm22157567 | ||
| 037 | _bMoon Publications, PO Box 3040, Chico, CA 95928 | ||
| 038 | _aArshad | ||
| 040 |
_aIEP _beng _cIEP _dNSD _dDLC _dTJC _dOCL _dDLC _dOCLCQ _dOCLCF _dOCLCO _dFEM _dOCLCA |
||
| 042 |
_ansdp _apcc |
||
| 043 | _aa-pk--- | ||
| 050 | 0 | 0 |
_aDS376.8 _b.P318 |
| 082 | 0 | 4 |
_a915.491045 _bPAK |
| 210 | 0 | _aPak. handb. | |
| 222 | 0 | _aPakistan handbook | |
| 245 | 0 | 0 | _aPakistan handbook. |
| 260 |
_aChico, Calif. : _bMoon Publications |
||
| 300 |
_av. : _bcol. ill., maps ; _c19 cm. |
||
| 362 | 1 | _aBegan in 1989. | |
| 490 | 1 | _a1998- : Moon travel handbooks | |
| 500 | _aEditor: I. Shaw. | ||
| 515 | _aIssue published 1990- lack designation. | ||
| 515 | _aIssues published 1998- called: 2nd ed.- | ||
| 563 | _aPBK | ||
| 588 | _aDescription based on: 1990. | ||
| 588 | _aLatest issue consulted: 1998. | ||
| 651 | 0 |
_aPakistan _vGuidebooks. _94788 |
|
| 651 | 7 |
_aPakistan. _2fast _0(OCoLC)fst01210275 |
|
| 651 | 4 |
_aPakistan _xGuidebooks. _991585 |
|
| 655 | 7 |
_aGuidebooks. _2fast _0(OCoLC)fst01423871 _991586 |
|
| 700 | 1 |
_aShaw, Isobel. _979924 |
|
| 776 | 0 | 8 |
_iOnline version: _tPakistan handbook _w(OCoLC)817151465 |
| 830 | 0 |
_aMoon travel handbooks. _991587 |
|
| 906 |
_a7 _bcbc _cserials _d2 _encip _f19 _gn-oclcserc |
||
| 942 |
_2ddc _cBK |
||
| 999 |
_c589715 _d589715 |
||